Engineering mechanics: Dynamics [vol. 2] (Record no. 240)
[ view plain ]
| 000 -LEADER | |
|---|---|
| fixed length control field | 00435 a2200157 4500 |
| 020 ## - INTERNATIONAL STANDARD BOOK NUMBER | |
| International Standard Book Number | 9780471739319 |
| 020 ## - INTERNATIONAL STANDARD BOOK NUMBER | |
| International Standard Book Number | 9780471739319 |
| 020 ## - INTERNATIONAL STANDARD BOOK NUMBER | |
| International Standard Book Number | 9780471739319 |
| 020 ## - INTERNATIONAL STANDARD BOOK NUMBER | |
| International Standard Book Number | 9780471739319 |
| 082 ## - DEWEY DECIMAL CLASSIFICATION NUMBER | |
| Classification number | 620.104 MER |
| 100 ## - MAIN ENTRY--PERSONAL NAME | |
| Personal name | Meriam, J. L. |
| 245 ## - TITLE STATEMENT | |
| Title | Engineering mechanics: Dynamics [vol. 2] |
| Statement of responsibility, etc. | J.L. Meriam, L.G. Kraige. |
| 250 ## - EDITION STATEMENT | |
| Edition statement | 6th ed. |
| 260 ## - PUBLICATION, DISTRIBUTION, ETC. | |
| Place of publication, distribution, etc. | Hoboken, NJ : |
| Name of publisher, distributor, etc. | Wiley, |
| Date of publication, distribution, etc. | 2007 |
| 300 ## - PHYSICAL DESCRIPTION | |
| Extent | xxi, 720p. : |
| Other physical details | col. ill. ; |
| Dimensions | 27 cm. |
| Accompanying material | CD |
| 650 ## - SUBJECT ADDED ENTRY--TOPICAL TERM | |
| Topical term or geographic name entry element | dynamics |
| Withdrawn status | Lost status | Damaged status | Not for loan | Permanent Location | Current Location | Shelving location | Date acquired | Total Checkouts | Full call number | Barcode | Date last seen | Date last checked out | Price effective from | Koha item type | Source of classification or shelving scheme |
|---|---|---|---|---|---|---|---|---|---|---|---|---|---|---|---|
| School of Civil and Environmental Engineering (SCEE) | School of Civil and Environmental Engineering (SCEE) | 2 | 620.104 MER | NIT-5891 | 01/29/2024 | 09/12/2023 | 01/05/2017 | Book | |||||||
| School of Civil and Environmental Engineering (SCEE) | School of Civil and Environmental Engineering (SCEE) | 01/31/2020 | 2 | 620.104 MER | NIT-4847 | 01/29/2024 | 10/31/2023 | 01/31/2020 |
